000 00504nam a2200181Ia 4500
008 090122s9999 xx 000 0 und d
082 _b12581
100 _aकदम
_bबाबा
245 _aश्वेतगिरी
260 _bदिलीपराज
_c2007
300 _a79
501 _aदिलीपराज प्रकाशन
600 _aकदम
630 _aश्वेतगिरी
700 _aकदम
730 _aश्वेतगिरी
942 _cBOOK
999 _c36658
_d36658